00960nam a2200241Ia 450000500170000000800410001702000190005808200190007710000240009624500560012025000200017630000590019649000220025550501550027765000420043265000450047465000440051926400320056333600270059533700330062233800280065504000350068320220317001044.0160825s2007 sp a g 000 0 spa  a9788434209801204a741.235 bG65c1 aOlmedo, Salvador G.10aCómo pintar al pastelcSalvador González Olmedo a12a. edición  a127 páginas bilustraciones en color, fotos c27 cm  aAprender haciendo aEl pastel en la historia de la pintura -- Materiales -- Conceptos generales -- El pastel en la práctica -- Consejos útiles -- Maestrso pastelistas142LEMBaDibujo al pastel xEnseñanza 142LEMBaPintura de retratos xEnseñanza 142LEMBaPintura de figuras xEnseñanza  aBarcelonabParramónc2007 atextobtxt2rdacontent asin mediaciónbn2rdamedia avolumenbnc2rdacarrier aCO-BoRNBPbspaerdacCO-BoRNBP